00708nam a22002177a 450000100060000000300080000600500170001400800390003103500190007004000270008904100080011608200230012410000240014724500540017126000540022530000270027950400510030660000660035783000160042383000510043935971BD-RjUL20211209052419.0140612s1947 ii ab 001 0 eng a(BD-RjUL)36068 aDLCcDLCbengdBD-RjUL aeng a891.4414bSEP 19471 aSen, Sachin.d1902-14aThe political thought of Tagore /cby Sachin Sen. aCalcutta :bGeneral Printers & Publishers,c1947. aviii, 360 p. ;c25 cm. aIncludes bibliographical references and index.10aTagore, Rabindranath,d1861-1941xPolitical and social views. 0vitem 08685. 0aSAMP early 20th-century Indian books project ;